00479nam a2200133Ia 4500008004100000100002100041245013500062245002100197260005900218260000900277650001800286650001500304856002600319170221s9999 xx 000 0 und d aSam Chege Mwangi 2aA Lesson Before Dying: Embracing Innovations for Community Engagement as a Survival Strategy for Media in Crisis Sam Chege Mwangi  cSam Chege Mwangi bOnline Journal of Communication and Media Technologies c2015 xCommunication xMedia Arts uhttp://www.ojcmt.net/